000 00365pab a2200145 454500
008 180718b2006 xxu||||| |||| 00| 0 eng d
100 _aHaksar, P. N.
245 _aPerception and reality in the making of foreign policy
260 _c2006
300 _ap.11-6.
362 _a25 Nov
650 _aInternational relations
773 _aMainstream
909 _a72190
999 _c72190
_d72190